zpět

Detail výsledku týmu

Lidové sady, Liberec

Datum a čas kvízu

36.5 Celkem bodů Celkový počet nahraných bodů na tomto kvízu bez doplňovacích otázek.
8. Pořadí na kvízu Konečné umístění týmu na tomto kvízu.

Zaznamenané odpovědi

# Otázka Odpověď Body Výsledky
1. Zástupci Rady řemeslných cechů... 1
2. Americký astronaut Andrew Feus... 0
3. České herní studio Warhorse pr... 0
4. Z britských obrazovek musela z... 1
5. Napište výsledek sobotního utk... 1
6. Jistě se mezi Vámi najde mnoho... 1
7. Vodák, který jede na lodi vzad... 1
8. Místo, kde říční voda viditeln... 1
9. Část řeky, kde voda teče velmi... 1
10. Kanoistům se mezi vrcholovými... 1